Responses for Show #6561 - Monday, March 11, 2013

Drew Horwood game 5.

Contestants

[<< previous game]

Lindsey Chismark, a business analyst from Madison Heights, Michigan

Ben Dwertman, a writer and library services assistant from Cincinnati, Ohio

Drew Horwood, a business analyst from Minneapolis, Minnesota (whose 4-day cash winnings total $70,798)

[next game >>]

Jeopardy! Round responses

THE MAIN ALCOHOLIC INGREDIENT
STATELY GEOGRAPHY
TONY WINNERS FOR BEST MUSICAL
MacARTHUR FOUNDATION FELLOWS
DOUBLE LETTER 8-LETTER WORDS
& FINALLY
    $200 1
champagne

Drew
    $200 11
Utah

Ben
    $200 6
(Drew: What is Fame?)

A Chorus Line

DrewBen
    $200 16
bows

Drew
    $200 21
graffiti

Drew
    $200 26
adjournment

Ben
    $400 2
vodka

Drew
    $400 12
South Dakota

Ben
    $400 7
Spamalot

Ben
    $400 17
telescopes

Drew
    $400 22
stubborn

Drew
    $400 27
cease & desist

Drew
    $600 3
tequila

Drew
    $600 13
West Virginia

Drew
    $600 8
The King and I

Lindsey
    $600 18
oxygen

Drew
    $600 23
Brooklyn

Ben
    $600 28
the wind-up

Triple Stumper
    $800 4
rum

Ben
    $800 14
(Drew: What is New Mexico?)

Nevada

DrewBen
    $800 9
Damn Yankees

Lindsey
    $800 19
Baghdad

Drew
    $800 24
to commence

Drew
    $800 29
close

Triple Stumper
    $1000 5
Tanqueray

Lindsey
    $1000 15
(Ben: What is New Mexico?)

Oklahoma

Ben
Triple Stumper
    $1,000 10
Kiss Me, Kate

Lindsey
    $1000 20
gastrointestinal

Lindsey
    $1000 25
a zeppelin

Ben
    $1000 30
capital punishment

Drew

Scores at the first commercial break (after clue 15):

Drew Ben Lindsey
$800 $1,800 $3,400

Scores at the end of the Jeopardy! Round:

Drew Ben Lindsey
$5,600 $3,600 $4,400

Double Jeopardy! Round responses

OFF TO A "GOOD" START
(Alex: Notice "good" in quotation marks--that word coming up in each correct response.)
THE HITTITES
NEWSPAPER MOGULS
COLORFUL QUOTES
3-NAMED ACTRESSES
(Alex: And we want all three names.)
WHO, WHAT, WHEN, WHERE, WHY
    $400 26
good luck

Ben
    $400 1
chariots

Drew
    $400 7
Murdoch

Drew
    $400 21
blue

Ben
    $400 2
Julia Louis-Dreyfus

Drew
    $400 16
Stalin

Drew
    $800 27
good buddy

Triple Stumper
    $800 12
(Ben: What is brass?)
(Drew: What is copper?)

Iron

DrewBen
Triple Stumper
    $800 8
The Washington Post

Ben
    $800 22
red

Drew
    $800 3
Mary Tyler Moore

Ben
    $800 17
the 2nd Sunday in May

Lindsey
    $1200 28
Good Friday

Ben
    $1200 13
Ankara

Drew
    $4,000 9
(Ben: Who is Johnson?)

Edward Scripps

Ben
    $1200 23
black

Lindsey
    $1200 4
Catherine Zeta-Jones

Lindsey
    $1200 18
the Atlantic Ocean

Drew
    $1600 29
good taste

Drew
    $1,000 14
cuneiform

Drew
    $1600 10
Pulitzer

Ben
    $1600 24
white

Triple Stumper
    $1600 5
Mary Louise Parker

Drew
    $1600 19
salamander

Ben
    $2000 30
a good-faith deposit

Triple Stumper
    $2000 15
Uriah the Hittite

Triple Stumper
    $2000 11
(Ben: Who is Sulzberger?)
(Drew: Who is Hearst?)

Adolph Ochs

DrewBen
Triple Stumper
    $2000 25
[The clue was presented in all-lowercase, except for the "A" in "All".]

green

Triple Stumper
    $2000 6
Jennifer Jason Leigh

Triple Stumper
    $2000 20
the Hindenburg

Ben

Scores at the end of the Double Jeopardy! Round:

Drew Ben Lindsey
$11,800 $5,600 $7,600

[wagering suggestions for these scores]

Final Jeopardy! Round responses

BRITISH NOVELS
(Alex: The Pure Drop Inn; the subtitle of this novel is The Story of a Pure Woman, Faithfully Presented.)
BenWho is Jude the Obscure
$5,600
LindseyWho is Clearwater?
$6,600
DrewWho is ?
$3,401
Tess of the d'Urbervilles

Final scores:

Drew Ben Lindsey
$8,399 $0 $1,000
5-day champion: $79,197 3rd place: $1,000 2nd place: $2,000

Game dynamics:

Coryat scores:

Drew Ben Lindsey
$12,400 $9,600 $7,600
23 R
(including 1 DD),
4 W
17 R,
4 W
(including 1 DD)
8 R
(including 1 DD),
0 W

Combined Coryat: $29,600

[game clues] [game scores] [suggest correction]

Game tape date: 2012-10-30
The J! Archive is created by fans, for fans. Scraping, republication, monetization, and malicious use prohibited; this site may use cookies and collect identifying information. See terms. The Jeopardy! game show and all elements thereof, including but not limited to copyright and trademark thereto, are the property of Jeopardy Productions, Inc. and are protected under law. This website is not affiliated with, sponsored by, or operated by Jeopardy Productions, Inc. Join the discussion at JBoard.tv.